01273cam a22003135a 450000100100000000500170001000800410002702000180006802000150008604000500010108200200015110000350017124500850020625000390029126000480033030000400037850000240041850000270044250400410046965000370051065000240054765100100057165300330058165300230061494200080063799900170064595201560066295201410081801662132320161201142718.0140129t2015 nyua frbd 001 0 eng d a9781259251672 a1259251675 aStDuBDSbengcStDuBDSdUkdEG-ScBUEdEG-ScBUE04a153.43bBOS2221 aBoss, Judith A.,d1942-93903910aThink :bcritical thinking and logic skills for everyday life /cJudith A. Boss. a3rd ed., International student ed. aNew York :bMcgraw-Hill Education,cc.2015. axi, 464 p. :bill. (col.) ;c28 cm. aIndex : p. 455-464. aGlossary : p. 437-441. aIncludes bibliographical references. 7aCritical thinking.2BUEsh920326 7913977aLogic2BUEsh 2BUEsh bEEENGcJuly2015cJanuary2016 bNNURcDecember2016 2ddc c20353d20325 00102ddc40708BaccahaMAINbMAINcLOWd2015-07-22ePurchaseg394.00h21762l3m8o153.43 BOSp000039620r2025-07-15 00:00:00s2018-10-23v493.00yBB 00102ddc40708BaccahaMAINbMAINcLOWd2016-12-01ePurchaseg394.00h25148l0o153.43 BOSp000040178r2025-07-15 00:00:00v495.50yBB